Normal view MARC view
  • Psychoanalysis and culture.

Entry Topical Term

Number of records used in: 1

001 - CONTROL NUMBER

  • control field: 12286

003 - CONTROL NUMBER IDENTIFIER

  • control field: NUST

005 - DATE AND TIME OF LATEST TRANSACTION

  • control field: 20180809065340.0

008 - FIXED-LENGTH DATA ELEMENTS

  • fixed length control field: 180809|| aca||aabn | a|a d

040 ## - CATALOGING SOURCE

  • Original cataloging agency: NUST
  • Transcribing agency: NUST

150 ## - HEADING--TOPICAL TERM

  • Topical term or geographic name entry element: Psychoanalysis and culture.

670 ## - SOURCE DATA FOUND

  • Source citation: Work cat.: (NUST)0: Fromm, Erich, 1900-1980. 1875, The dogma of Christ, and other essays on religion, psychology, and culture., 1963
© 2023 Central Library, National University of Sciences and Technology. All Rights Reserved.